000 00238nam a2200097Ia 4500
001 985965
005 20250826221052.0
008 250824s9999 xx 000 0 und d
245 0 _aBÖCEK ÇOCUK
_cM. G. LEONARD
260 _bDOMİNGO YAYINLARI
999 _c985965
_d985965